[Event "17PCR_ZK08"]
[Site "?"]
[Date "2007.??.??"]
[Round "1"]
[White "Zahour, Jiri"]
[Black "Klimecky, Tomas"]
[Result "1-0"]
[WhiteElo "2307"]
[BlackElo "1744"]
[PlyCount "32"]
[EventDate "2007.??.??"]
[SourceDate "2007.06.28"]

1. e4 c6 2. d4 d5 3. exd5 cxd5 4. c4 Nf6 5. Nc3 Nc6 6. Bg5 dxc4 7. Bxc4 e6 8.
Nf3 Be7 9. O-O O-O 10. Re1 b6 11. a3 Bb7 12. Qd3 Rc8 13. Rad1 Na5 14. Ba2 h6
15. Bf4 Bd6 16. Be5 Nc6 1-0

[Event "17PCR_ZK08"]
[Site "?"]
[Date "2007.??.??"]
[Round "1"]
[White "Zahour, Jiri"]
[Black "Stika, Vaclav"]
[Result "1/2-1/2"]
[WhiteElo "2307"]
[BlackElo "2150"]
[PlyCount "88"]
[EventDate "2007.??.??"]
[SourceDate "2007.06.28"]

1. e4 c5 2. Nf3 e6 3. d4 cxd4 4. Nxd4 Nf6 5. Nc3 d6 6. g4 h6 7. h4 a6 8. Bg2
Nc6 9. g5 hxg5 10. hxg5 Rxh1+ 11. Bxh1 Nd7 12. Be3 Nde5 13. Nxc6 bxc6 14. Qe2
a5 15. O-O-O Ba6 16. Qh5 Nc4 17. g6 f6 18. Qh3 e5 19. Bf3 Nxe3 20. fxe3 Qd7 21.
Bg4 Qa7 22. Rh1 Ke7 23. b3 Kd8 24. Qh8 Qe7 25. Qg8 Kc7 26. Rh8 Rd8 27. Kb1 Bc8
28. Qc4 Kb7 29. Bxc8+ Rxc8 30. Qe2 Qe8 31. Qg4 Ka7 32. Na4 Rd8 33. Qe2 Qd7 34.
Qd3 Qb7 35. a3 Qa6 36. Qd2 Rb8 37. Ka2 Be7 38. Rh7 Bf8 39. c4 Rb7 40. Qd1 Rb8
41. Qe1 Rb7 42. Qd2 Ka8 43. Qd3 Rb8 44. Qd2 Rb7 1/2-1/2

[Event "17PCR_ZK08"]
[Site "?"]
[Date "2007.??.??"]
[Round "1"]
[White "Zahour, Jiri"]
[Black "Struzka, Vlastimil"]
[Result "1-0"]
[WhiteElo "2307"]
[BlackElo "2080"]
[PlyCount "68"]
[EventDate "2007.??.??"]
[SourceDate "2007.06.28"]

1. e4 e5 2. Nf3 Nc6 3. d4 exd4 4. Nxd4 Bc5 5. Be3 Qf6 6. c3 Nge7 7. g3 O-O 8.
Bg2 d6 9. O-O Ne5 10. h3 Nc4 11. Bc1 Nc6 12. Ne2 a5 13. a4 g5 14. Nd2 N4e5 15.
Nb3 Bb6 16. Nbd4 g4 17. hxg4 Nxd4 18. cxd4 Nf3+ 19. Bxf3 Qxf3 20. Ra3 Qxe4 21.
Bh6 Rd8 22. Nf4 Bd7 23. Bg5 Re8 24. Bf6 h6 25. Re3 Qh7 26. Rfe1 Rxe3 27. Rxe3
Be6 28. Re1 Bd7 29. Re7 Rd8 30. d5 Ba7 31. Qe2 Bxa4 32. b3 Qb1+ 33. Kg2 Bxf2
34. Kxf2 Bb5 1-0

[Event "17PCR_ZK08"]
[Site "?"]
[Date "2007.??.??"]
[Round "1"]
[White "Zahour, Jiri"]
[Black "Urban, Milos"]
[Result "1-0"]
[WhiteElo "2307"]
[BlackElo "1734"]
[PlyCount "48"]
[EventDate "2007.??.??"]
[SourceDate "2007.06.28"]

1. e4 e5 2. Nf3 Nf6 3. Nxe5 d6 4. Nf3 Nxe4 5. d4 d5 6. Bd3 Nc6 7. O-O Be7 8. c4
Nb4 9. Be2 O-O 10. a3 Nc6 11. Nc3 Nxc3 12. bxc3 b6 13. cxd5 Qxd5 14. Re1 Na5
15. Bd3 Qd6 16. Ne5 f6 17. Ng6 hxg6 18. Bxg6 Qd5 19. Rxe7 Be6 20. Bf4 Rf7 21.
Bxf7+ Bxf7 22. Qf3 Nc4 23. Qxd5 Bxd5 24. Bxc7 a5 1-0

[Event "17PCR_ZK08"]
[Site "?"]
[Date "2007.??.??"]
[Round "2"]
[White "Zahour, Jiri"]
[Black "Valak, Alois"]
[Result "1/2-1/2"]
[WhiteElo "2307"]
[BlackElo "2353"]
[PlyCount "100"]
[EventDate "2007.??.??"]
[SourceDate "2007.06.28"]

1. e4 c5 2. Nf3 e6 3. d4 cxd4 4. Nxd4 Nf6 5. Nc3 Nc6 6. Ndb5 d6 7. Bf4 e5 8.
Bg5 a6 9. Na3 b5 10. Nd5 Be7 11. Bxf6 Bxf6 12. c3 Bg5 13. Nc2 Ne7 14. a4 bxa4
15. h4 Bh6 16. Ncb4 O-O 17. Qxa4 Nxd5 18. Nxd5 a5 19. b4 Bd7 20. b5 Be6 21. Bc4
Rc8 22. Rb1 Rb8 23. Ra1 Rc8 24. Qb3 Rb8 25. g3 Kh8 26. Ra2 f5 27. exf5 Bxf5 28.
O-O Qd7 29. Re1 Be6 30. Bf1 g5 31. hxg5 Bxg5 32. Rd1 Bd8 33. c4 Bxd5 34. Rxd5
Bb6 35. Qd3 Qf7 36. Rxd6 Bxf2+ 37. Kg2 Bd4 38. Rc2 a4 39. Be2 Qf2+ 40. Kh3 a3
41. Ra6 Bc5 42. Qe4 Qd4 43. Bd3 Rb7 44. Rh6 Qxe4 45. Bxe4 Ra7 46. Rc6 Bd4 47.
Ra2 Rf2 48. Bb1 Rxa2 49. Bxa2 Ra8 50. c5 e4 1/2-1/2